00426nam a2200157Ia 4500003000400000008004100004040001600045082001300061100002800074245006200102260003200164300001000196490002500206650001500231650002200246GCL140319s9999 xx 000 0 eng d aGCL / cGCL04a843bM C1 aMORQUEZ, OABRIEL GRACIA10aCHRONIQUE D'UNE MORT ANNONCEE / cMORQUEZ, OABRIEL GRACIA a[S.N] : bGRASSET ، c1981 a115 P aLE LIVRE DE POCHEv004aLITERATURE04aFRENCH LITERATURE